000 00356nam a22001457a 4500
003 OSt
005 20220218094825.0
008 220218b |||||||| |||| 00| 0 eng d
020 _a0824726189
040 _cH U
082 _a660.28003
100 _aEncyclopedia
_930794
245 _aEncyclopedia Of Chemical Processing And Design
942 _2ddc
_cBOOKS
_n0
999 _c30741
_d30741